| 000 | 00744nam a2200253 a 4500 | ||
|---|---|---|---|
| 001 | BRCA_3701 | ||
| 005 | 20190320204404.0 | ||
| 008 | 080909s1959----frea---###---#000-0#fr--# | ||
| 041 | _afre | ||
| 044 | _afr | ||
| 050 | 4 |
_aNK2547 _b.M48 5 _c1959 |
|
| 245 | 1 | 0 |
_aMeubles et ensembles _bDirectorie Empire _cintroduction par Jacques Monttheau. |
| 260 |
_aParis _bCh. Massin _c[1959] |
||
| 300 |
_a1 v. (sin paginación) _bil., 36 láminas _c29 cm. |
||
| 440 | 0 |
_aMeubles et ensembles _v5 _99618 |
|
| 500 | _aIncluye lista de láminas | ||
| 500 | _aB338 | ||
| 650 | 1 | 4 |
_aMuebles Directorio _99619 |
| 650 | 1 | 4 |
_aMuebles franceses _99620 |
| 650 | 1 | 4 |
_aMuebles Imperio _99621 |
| 700 | 1 |
_aMottheau, Jacques _99622 |
|
| 902 | _aGFM | ||
| 942 |
_2lcc _cB |
||
| 999 |
_c3431 _d3431 |
||